Normal view
MARC view
Entry Personal Name
001 - CONTROL NUMBER
- control field: 1305
003 - CONTROL NUMBER IDENTIFIER
- control field: ARRUPE
005 - DATE AND TIME OF LATEST TRANSACTION
- control field: 20130925172246.0
008 - FIXED-LENGTH DATA ELEMENTS
- fixed length control field: 130925|| aca||aabn | a|a d
040 ## - CATALOGING SOURCE
- Original cataloging agency: ARRUPE
- Transcribing agency: ARRUPE
100 ## - HEADING--PERSONAL NAME
- Personal name: Häring, Bernhard,
- Dates associated with a name: 1912-
670 ## - SOURCE DATA FOUND
- Source citation: Work cat.: (ARRUPE)0: Häring, Bernhard, 1912-, The healing power of peace and nonviolence /, c1986.